000 00306nam a22001337a 4500
008 181010b xxu||||| |||| 00| 0 eng d
020 _a0132906104
041 _aeng
080 _a159.9
100 _a48
101 _aPSI
245 _aEthics in the Practice of Psychology
_cCarroll,M.A
942 _2udc
_cBK
999 _c49282
_d49282